Responses for Show #1216 - Monday, December 11, 1989

Missing introductions.

Contestants

[<< previous game]

Bob Caruso, a political consultant from Scranton, Pennsylvania

Daniel Gray, an author from Puyallup, Washington

Bill Warren, a restaurant owner originally from Rockville, Indiana (whose 2-day cash winnings total $28,201)

[next game >>]

Jeopardy! Round responses

THE 20th CENTURY
ROCK 'N' ROLL FILMS
CHURCHES & CATHEDRALS
POSTAL ABBREVIATIONS
"FAIR"
FOWL
    $100 4
polio

Daniel
    $100 8
The Rolling Stones

Daniel
    $100 16
demons

Daniel
    $100 13
MS

Daniel
    $100 19
the fairway

Daniel
    $100 1
a partridge

Daniel
    $200 5
Indira Gandhi

Bob
    $200 9
Gary Busey

Daniel
    $200 17
Notre Dame

Bill
    $200 14
(Bob: What is CN?)

PL

BillBob
    $200 20
Fairbanks

Bob
    $200 2
a goose

Bill
    $300 3
Supreme Court

Bill
    $300 10
Jayne Mansfield

Bob
    $300 28
the Sistine Chapel

Daniel
    $300 21
Guam

Bill
    $300 23
the fair sex

Bill
    $300 15
(Bill: What is... a, uh, young roo--young cock?)

a young hen

Bill
Triple Stumper
    $400 6
Solzhenitsyn

Bob
    $400 11
the Yellow Submarine

Daniel
    $400 29
(Bill: What's Westminster Abbey?)

Canterbury Cathedral

BillDaniel
    $400 27
Nebraska

Bob
    $400 24
(Bill: What is my fair ladies?)
[Ruled correct; incorrect after the break]

my fair lady

Bill
Triple Stumper
    $500 18
turkeys

Bill
    $500 7
papyrus

Daniel
    $500 12
Black and Blue

Bob
    $500 30
Charlemagne

Bob
    $500 26
Alabama

Daniel
    $500 25
fairing

Bill
    $500 22
(Bob: What is a tom?)

a capon

BillBob

Scores at the first commercial break (after clue 14):

Bill Daniel Bob
$700 $1,500 $1,200

Scores at the end of the Jeopardy! Round:

Bill Daniel Bob
$1,900 $2,900 $1,800

Double Jeopardy! Round responses

WORLD CITIES
MYTHOLOGY
ILLINOISIANS
PHYSICS
PHILOSOPHERS
VAUDEVILLE
    $200 1
Las Vegas

Daniel
    $200 10
an eye

Bob
    $200 23
(Daniel: Who is Lincoln?)
...
(Alex: Not fast enough, Bob.)

Ronald Reagan

Daniel
Triple Stumper
    $200 17
current

Bill
    $200 11
Plato

Bob
    $200 3
W.C. Fields

Bob
    $400 2
Hanoi & Ho Chi Minh City

Bill
    $400 18
Hercules

Bill
    $400 24
Betty Friedan

Bill
    $400 19
atmosphere

Bill
    $400 12
St. Thomas Aquinas

Bob
    $400 6
Judy Garland

Bob
    $600 4
Florence

Bob
    $600 21
(Bill: Who is "Seh-burr-us"--"See-burr-us"?)
(Alex: I'll ask you spell it.)
(Bill: C-E-B-E-R-U-S?)

Cerberus

Bill
Triple Stumper
    $600 25
William Jennings Bryan

Daniel
    $600 28
an orbit

Daniel
    $600 13
existentialism

Daniel
    $600 8
Walter Winchell

Bob
    $800 5
Yellowknife

Bill
    $800 20
(Bill: Who is Bacchus?)
(Daniel: Who is Dionysus?)
...
(Alex: [*], Saturnalia.)

Saturn

BillDaniel
Triple Stumper
    $800 26
Jack Benny

Bill
    $3,000 29
fiber optics

Daniel
    $800 14
Bertrand Russell

Bill
    $800 9
the Marx Brothers

Bill
    $1000 7
Osaka

Triple Stumper
    $1,900 22
(Bill: What are pipes?)
...
(Alex: That, of course, was Zamfir playing.)

the pan flute (the pan pipes)

Bill
    $1000 27
Ray Bradbury

Bill
    $1000 30
Albert Einstein

Bill
    $1000 16
(Bob: Who is Kant?)

John Locke

DanielBob
    $1000 15
(Daniel: Who is Keenan Wynn?)
...
(Alex: His father, right.)

Ed Wynn

BillDaniel

Scores at the end of the Double Jeopardy! Round:

Bill Daniel Bob
$6,600 $6,900 $3,400

[wagering suggestions for these scores]

Final Jeopardy! Round responses

BRITISH ROYALTY
BobWho is George VI
$1,600
BillWho was George VI?
$6,600
DanielWho is Victoria
$6,800
George V

Final scores:

Bill Daniel Bob
$0 $100 $1,800
3rd place: Armitron watches + Nintendo Entertainment System with Family & Junior editions of Jeopardy! & Wheel of Fortune 2nd place: trip on Delta to the Bahamas & stay at the Pirate's Cove Holiday Inn New champion: $1,800

Game dynamics:

Coryat scores:

Bill Daniel Bob
$8,400 $4,700 $3,400
21 R
(including 1 DD),
6 W
(including 1 DD)
18 R
(including 1 DD),
3 W
14 R,
3 W

Combined Coryat: $16,500

[game clues] [game scores] [suggest correction]

Game tape date: 1989-08-29
The J! Archive is created by fans, for fans. Scraping, republication, monetization, and malicious use prohibited; this site may use cookies and collect identifying information. See terms. The Jeopardy! game show and all elements thereof, including but not limited to copyright and trademark thereto, are the property of Jeopardy Productions, Inc. and are protected under law. This website is not affiliated with, sponsored by, or operated by Jeopardy Productions, Inc. Join the discussion at JBoard.tv.